Historia de América Latina

Furkejuvvon:
Bibliográfalaš dieđut
Váldodahkki: Chaunu, Pierre (Dahkki)
Materiálatiipa: Girji
Giella:espánnjágiella
Almmustuhtton: Buenos Aires EUDEBA 1976
Preanttus:7a. ed
Ráidu:América
Fáttát:
Fáddágilkorat: Lasit fáddágilkoriid
Eai fáddágilkorat, Lasit vuosttaš fáddágilkora!

MARC

LEADER 00000nam a2200000 a 4500
001 UCO1495
003 CL-VaPUC
008 000519e19760000AG |||||||||||||||||spa|d
082 0 4 |a 980  |b CHA  |2 21 
100 0 |a Chaunu, Pierre  |e author  |9 443632 
245 1 0 |a Historia de América Latina 
250 |a 7a. ed 
300 |a 132 p 
942 |c BK 
945 |d 20000519 00:00:00  |a lriquelm 
260 |a Buenos Aires  |b EUDEBA  |c 1976 
650 0 |a Historia  |9 255047 
650 7 |a CONQUISTADORES  |2 CL-VaPUC  |9 443633 
650 7 |a COLONIA  |2 CL-VaPUC  |9 443634 
650 0 |a Independencia   |9 344246 
650 0 |a Colonización  |9 265172 
650 7 |a EXPANSION EUROPEA  |2 CL-VaPUC  |9 440588 
651 0 |a América Latina   |9 255027 
583 |a last modification  |c 20000519 00:00:00  |k Rodrigo Vera 
490 0 |a América 
999 |c 288109  |d 288107 
952 |0 0  |1 0  |4 0  |6 980_000000000000000_CHA_1976  |7 0  |8 A  |9 335355  |a BIBHIS  |b BIBHIS  |d 2019-11-20  |i 1259229  |o 980 CHA 1976  |p 1259229  |r 2025-01-20  |w 2019-11-20  |y BK  |k HIS